Peintres de A à Z (par images). - Statistiques

Statistiques générales
  • Ce quiz a été pris 969 fois
    860 depuis la dernière actualisation
  • Le résultat moyen est 10 sur 21
Statistiques - réponses
Par images Hint Réponse % Correct
Guernica Pablo Picasso
93%
Le Baiser Gustave Klimt
85%
La Naissance De Vénus Sandro Botticelli
84%
Shot Sage Blue Marilyn Andy Warhol
78%
La Jeune Fille à la perle Johannes Vermeer
77%
Salvador Mundi Léonard de Vinci
70%
Quand te maries-tu ? Paul Gauguin
67%
La Pie Claude Monet
63%
La Grande Vague de Kanagawa Hokusai
63%
L'École d'Athènes Raffaello Sanzio
54%
Le Dernier Voyage du Téméraire J. M. W. Turner
53%
La Ronde de nuit Rembrandt
52%
Les joueurs de cartes Paul Cézanne
50%
Vertumne Giuseppe Arcimboldo
46%
Le Voyageur contemplant une mer de nuages Caspar David Friedrich
43%
La Grande Odalisque Jean-Auguste-Dominique Ingres
39%
Jour et Nuit M.C. Escher
7%
Le roi boit Jacob Jordaens
3%
June Flamboyante Frederic Leighton
2%
Les levrettes de Louis XV Jean-Baptiste Oudry
1%
Portrait de Madame de La Porte Jean-Marc Nattier
1%
Aucun quiz correspondant
Distribution des résultats
% des personnes avec chaque résultat
Percentile par nombre de réponses
Votre historique - résultats
Vous n’avez pas pris ce quiz depuis la dernière actualisation